Vervollständige die Reihe - Deutschland - Statistiken

Allgemein
  • Dieses Quiz wurde 112 mal gespielt
  • Das Durchschnittsergebnis liegt bei 10 aus 15
Antwortstatistiken
Reihe Fehlender Begriff % Korrekt
Baden-Württemberg, Bayern, Berlin, Brandenburg, Bremen, Hamburg, Hessen, Mecklenburg-Vorpommern, Nordrhein-Westfalen, Rheinland-Pfalz, Saarland, Sachsen, Sachsen-Anhalt, Schleswig-Holstein, Thüringen Niedersachsen
95%
1954, 1990, 2014 1974
90%
Dänemark, Österreich, Tschechien, Niederlande, Frankreich, Schweiz, Polen, Belgien Luxemburg
87%
CDU/CSU, AfD, SPD, Bündnis 90/Die Grünen Die Linke
85%
Rhein, Weser, Donau, Main Elbe
85%
Bonn Berlin
84%
Bayern München, Bayer Leverkusen, VfL Wolfsburg, Werder Bremen, VfB Stuttgart Borussia Dortmund
71%
Adenauer, Erhard, Kiesinger, Brandt, Kohl, Schröder, Merkel, Scholz, Merz Schmidt
69%
Stuttgart, München, Potsdam, Wiesbaden, Schwerin, Hannover, Düsseldorf, Mainz, Dresden, Magdeburg, Kiel, Erfurt Saarbrücken
67%
Berlin, Hamburg, München, Köln, Frankfurt am Main, Düsseldorf, Stuttgart, Leipzig, Dortmund, Essen, Dresden, Nürnberg, Hannover, Duisburg Bremen
62%
Bodensee, Müritz, Schweriner See, Starnberger See Chiemsee
58%
Mercedes-Benz, BMW, Deutsche Telekom, Deutsche Bahn Volkswagen
57%
Frankfurt, München, Hamburg, Berlin Brandenburg Düsseldorf
45%
Rügen, Usedom, Sylt, Föhr Fehmarn
40%
1916, 1936 1972
33%
Keine übereinstimmenden Quizze gefunden
Verteilung der Resultate
Anzahl Personen mit jedem Resultat
Perzentil nach korrekt beantworteten Fragen
Ihre Resultats-Entwicklung
Sie haben dieses Quiz noch nicht gespielt